Statistics for Messi... or Ronaldo?

Click here to take the quiz!

General Stats

  • This quiz has been taken 12,500 times
  • The average score is 12 of 15

Answer Stats

QuestionAnswer% Correct
Is tallerRonaldo
97%
His shirt number is 7Ronaldo
96%
Has won the Ballon d'Or more oftenMessi
95%
Is the older of the twoRonaldo
93%
Has won the Champions League more oftenRonaldo
92%
Holds the record for most goals within a Champions League seasonRonaldo
85%
Won the Best Player Award at the 2014 World CupMessi
83%
Has a better ratio of converted penaltiesRonaldo
82%
Was born on an island in the Atlantic OceanRonaldo
77%
Moved abroad to be trained in a foreign club as a teenagerMessi
74%
Is the all-time most capped player of his national teamRonaldo
73%
Was coached by José MourinhoRonaldo
72%
Was included in their list of 100 most influential people in the world by Time Magazineboth
68%
Once scored 50 goals in a league seasonMessi
68%
Is the captain of his club teamMessi
31%

Score Distribution

Percentile by Number Answered

Percent of People with Each Score

Your Score History

You have not taken this quiz